Central Library OPAC University of Rajshahi

Leadership and organization : (Record no. 15879)

MARC details
000 -LEADER
fixed length control field 01074cam a2200325 a 4500
001 - CONTROL NUMBER
control field 15879
003 - CONTROL NUMBER IDENTIFIER
rucl marc code BD-RjUL
005 - DATE AND TIME OF LATEST TRANSACTION
control field 20211208235913.0
008 - FIXED-LENGTH DATA ELEMENTS--GENERAL INFORMATION
fixed length control field 140211t1961 nyua b 001 0 eng
020 ## - INTERNATIONAL STANDARD BOOK NUMBER
International Standard Book Number 0824082192 (alk. paper) :
035 ## - SYSTEM CONTROL NUMBER
System control number (BD-RjUL) 15934
040 ## - CATALOGING SOURCE
Original cataloging agency DLC
Transcribing agency DLC
Modifying agency DLC
-- BD-RjUL
Language of cataloging eng
041 ## - LANGUAGE CODE
Language code of text/sound track or separate title eng
082 00 - DEWEY DECIMAL CLASSIFICATION NUMBER
Classification number 303.34
Edition number 19
Author mark and year TAL 1961
100 1# - MAIN ENTRY--PERSONAL NAME
Personal name Tannenbaum, Robert.
9 (RLIN) 48018
245 10 - TITLE STATEMENT
Title Leadership and organization :
Remainder of title a behavioral science approach /
Statement of responsibility, etc. Robert Tannenbaum, Irving R. Weschler, Fred Massarik.
260 ## - PUBLICATION, DISTRIBUTION, ETC. (IMPRINT)
Place of publication, distribution, etc. New York :
Name of publisher, distributor, etc. McGraw-Hill,
Date of publication, distribution, etc. c1961.
300 ## - PHYSICAL DESCRIPTION
Pagination xiv, 456 p. :
Illustrations ill. ;
Size 23 cm.
500 ## - GENERAL NOTE
General note Reprint. Originally published: New York : McGraw-Hill, c1961.
General note Includes indexes.
504 ## - BIBLIOGRAPHY, ETC. NOTE
Bibliography, etc Bibliography: p. 431-446.
650 #0 - SUBJECT ADDED ENTRY--TOPICAL TERM
Topical term or geographic name as entry element Leadership.
9 (RLIN) 49237
Topical term or geographic name as entry element Organization.
9 (RLIN) 49238
700 1# - ADDED ENTRY--PERSONAL NAME
Personal name Weschler, Irving R.
Personal name Massarik, Fred.
942 ## - ADDED ENTRY ELEMENTS (KOHA)
Source of classification or shelving scheme Dewey Decimal Classification
Koha item type Books
Holdings
Lost status Source of classification or shelving scheme Damaged status Not for loan Collection code Permanent Location Current Location Shelving location Date acquired Source of acquisition Cost, normal purchase price Total Checkouts Full call number Date last seen Date checked out Copy number Koha item type
  Dewey Decimal Classification     Non-fiction Central Library, University of Rajshahi Central Library, University of Rajshahi   30/12/1969 Ziet 0.88 2 303.34 TAL 1961 02/01/2020 17/11/2019 C-4 Books
  Dewey Decimal Classification     Non-fiction Central Library, University of Rajshahi Central Library, University of Rajshahi   30/12/1969 Zeitlinger 88.60   303.34 TAL 1961 06/07/2019   C-3 Books
  Dewey Decimal Classification     Non-fiction Central Library, University of Rajshahi Central Library, University of Rajshahi   30/12/1969 Zeitlinger 88.60   303.34 TAL 1961 06/07/2019   C-2 Books
  Dewey Decimal Classification   Not For Loan Non-fiction Central Library, University of Rajshahi Central Library, University of Rajshahi Reading Room 30/12/1969 Zeitlinger 88.60   303.34 TAL 1961 06/07/2019   C-1 Books